000 00561nam a2200229Ia 4500
003 OSt
005 20221005070207.0
006 a|||||r|||| 00| 0
007 ta
008 221004b |||||||| |||| 00| 0 mal d
024 _a20731
037 _cTextual
040 _aCRL
_cCRL
_bmal
041 _2mal
_amal
082 _aO32, L3
245 0 _aApni boli
_b Text book
260 _aMysore
_bCIIL India
_c1973
300 _a56
_ccm.
650 _aMALAYALAM LITERATURE
_938866
942 _hO32, L3
_cTEXL
_2cc
999 _c975815
_d975815